| LEADER 00000nam 2200000uu 4500 |
| 001 210746 |
| 003 ULIBM |
| 008 020711s2555 th a 000 0 tha d |
| 020 978-616-223-167-4
|
| 041 ^atha^beng
|
| 060 4 WS 200 ห459 2555
|
| 245 หัตถการในเด็ก=^bPediatric procedures/^cบรรณาธิการ,สุวรรณี วิษณุโยธิน,รสวันต์ อารีมิตร,กุณฑล วิชาจารย์.
|
| 246 00 ^aPediatric procedures
|
| 260 ขอนแก่น :^bภาควิชากุมารเวชศาสตร์ คณะแพทยศาสตร์ มหาวิทยาลัยขอนแก่น,^c2555.
|
| 300 ก-ช,251 หน้า :^bภาพประกอบ ;^c21 ซม.
|
| 650 4 กุมารเวชศาสตร์
|
| 650 4 ^aการรักษาโรค^xในวัยทารกและวัยเด็ก
|
| 650 4 ^aเด็ก,โรค
|
| 700 0 ^aสุวรรณี วิษณุโยธิน,^eบรรณาธิการ
|
| 700 0 ^aรสวันต์ อารีมิตร,^eบรรณาธิการ
|
| 700 0 ^aกุณฑล วิชาจารย์,^eบรรณาธิการ
|
| 710 2 ^aมหาวิทยาลัยขอนแก่น. คณะแพทยศาสตร์. ภาควิชากุมารเวชศาสตร์.
|
| 999 ^aใช้งานได้ทุกระบบ
|